| 000 | 00607cam a2200205 4500 | ||
|---|---|---|---|
| 001 | D10568 | ||
| 008 | 090401t1974 xxu||||| |||| 00| 0 eng d | ||
| 022 | _a0305-4713 | ||
| 035 | _a(Sirsi) u95279 | ||
| 041 | _aeng | ||
| 100 | _aEade, C.A. | ||
| 245 | _aSale of timber | ||
| 260 | _c1974 | ||
| 350 | _a0 | ||
| 490 |
_aLand Agency and Agriculture Practice Leaflet _v17 |
||
| 520 | _aIn RICS Land Agency and Agriculture Division. Practice leaflets no. 1 - 1974/9 | ||
| 710 |
_aRoyal Institution of Chartered Surveyors. Land Agency and Agriculture Division _91449 |
||
| 942 | _n0 | ||
| 948 | _c04/03/1997 | ||
| 999 |
_c98384 _d98384 |
||